Basic english II for students of social sciences and humanities (material preparado para el curso LM 1004)

Gespeichert in:
Bibliographische Detailangaben
1. Verfasser: Brown Gfrorer, Bonnie; Smith Sharp, Heidi; Umaña Aguiar, Jeanina
Format: Buch
Sprache:Undetermined
Veröffentlicht: San José, Costa Rica Escuela de Lenguas Modernas, Universidad de Costa Rica 1979
Schlagworte:
Tags: Tag hinzufügen
Keine Tags, Fügen Sie den ersten Tag hinzu!

MARC

LEADER 00000nam a2200000Ia 4500
008 170316s9999 xx 000 0 und d
090 |a 415-I B-15ba v.2 
100 |a Brown Gfrorer, Bonnie; Smith Sharp, Heidi; Umaña Aguiar, Jeanina 
245 |a Basic english II for students of social sciences and humanities (material preparado para el curso LM 1004) 
260 |a San José, Costa Rica 
260 |b Escuela de Lenguas Modernas, Universidad de Costa Rica 
260 |c 1979 
300 |a 20 páginas 
650 |a GRAMÁTICA INGLESA 
650 |a EJERCICIOS 
650 |a VOCABULARIO 
650 |a COMPRENSIÓN 
650 |a ENSEÑANZA DEL INGLÉS 
999 |c 19300  |d 19300 
040 |a cru BVZT 
942 |c 15 D  |h 415-I B-15ba v.2  |2 z